| 000 | 00755nac a22002051u 4500 | ||
|---|---|---|---|
| 008 | 100921t xxu||||| |||| 00| 0 eng d | ||
| 010 | _a78645468 | ||
| 082 |
_a016.956005 _bSa551 |
||
| 100 |
_a20080729 _919636 |
||
| 245 |
_aThe Middle East, Abstracts and Index: Near East(V.24A) / _cJames Joseph Sanchez.[editor] _pNear East(V.24A) |
||
| 260 |
_aSeattle,Washington: _bRefrence Corporation Aristarchus Knowledge Industry, _cC.2001. |
||
| 300 |
_aV.20E:Near East. _c31cm. |
||
| 490 | _aThe Middle East, abstracts and index. | ||
| 500 | _aDonations. | ||
| 500 | _aDonations - Bibliotheca Alexandrina. | ||
| 600 |
_aSanchez, James Joseph.[ed] _919638 |
||
| 650 | _2BUEsh | ||
| 651 | _2BUEsh | ||
| 942 |
_cREFERENCE _k016.956005Sa551 _2ddc |
||
| 999 |
_c3576 _d3576 |
||